| 000 | 00000nam##2200000za#4500 |
| 001 | 9.637601 |
| 003 | CaOODSP |
| 005 | 20210624221300 |
| 007 | cr ||||||||||| |
| 008 | 150407|2011||||xxc|||||o f|0| 0 fre|d |
| 020 | |a978-1-100-94605-4 |
| 040 | |aCaOODSP|bfre |
| 043 | |an-cn--- |
| 086 | 1 |aH34-222/2010F-PDF |
| 110 | 1 |aCanada.|bSanté Canada. |bDirection générale de la santé des Premières nations et des Inuits. |
| 245 | 10|aAgrément des services de santé des Premières nations et des Inuits Cadre stratégique |h[ressource électronique] |
| 260 | |aOttawa - Ontario : |bSanté Canada. |cDécembre 2009. |
| 300 | |a25p.|bglossaire, tableaux |
| 500 | |aLe n° de catalogue (H34-222/2010) et l'ISBN (978-1-100-51573-1) de l'édition imprimée bilingue ont été incorrectement copiés dans la version PDF. |
| 590 | |a12-25-Supp|b2012-06-04 |
| 691 | 07|aPolitique en matière de santé|2gcpds |
| 691 | 07|aProgramme pour autochtones|2gcpds |
| 775 | 08|tFirst Nations and Inuit Health Services Accreditation Policy Framework |w(CaOODSP)9.693423 |
| 856 | 40|ahttp://publications.gc.ca|qPDF|s1888 Ko|uhttps://publications.gc.ca/collections/collection_2012/sc-hc/H34-222-2010-fra.pdf |
| 986 | |aHC Pub. : 100278 |